000 01003nam a22003017a 4500
003 BCEG
005 20260326152706.0
008 260326s2025 mx a||||||||||||||||spa|d
020 _a9786073926829 (v. 2)
040 _aBCEG
_bspa
_cBCEG
082 0 4 _aI863.7
_bB520c
100 1 _aBernal Montes, Miguel‏ (Mikecrack),
_d1993-.
245 1 0 _aLos compacuentos.
246 _aLos compas.
246 _aTeamCompas.
246 _aLos compas y el frijolito mágico.
260 _aCiudad de México :
_bPlaneta Mexicana : Martínez Roca,
_c2025.
300 _a239 p. :
_bil.
490 _aLos compacuentos. 4You2.
500 _aLa biblioteca solo cuenta con el v. 2.
505 _gv. 2.
_tLos compas y el frijolito mágico.
535 _aDisponible en la colección infantil de 10-12 años.
541 _aDonación.
650 1 4 _aNovela juvenil española.
700 1 _aLópez Hervás, Javier‏, (El Trollino),
_ecoaut.
700 1 _aConde Rivas, Rubén‏ (Timba Vk),
_ecoaut.
942 _cBK
999 _c437144
_d437144